| 000 | 00928cam a2200265 4500 | ||
|---|---|---|---|
| 999 |
_c128074 _d128074 |
||
| 001 | 781451 | ||
| 003 | ARRUPE | ||
| 005 | 20180903105822.0 | ||
| 008 | 691105r19691929nyu b 001 0 eng | ||
| 010 | _a 73091045 | ||
| 020 | _a0804606552 | ||
| 040 |
_aDLC _cDLC _dDLC |
||
| 050 | 0 | 0 |
_aPR2366 _b.H8 1969 |
| 082 | 0 | 0 | _a821/.3 |
| 100 | 1 |
_aHughes, Merritt Yerkes, _d1893- _941903 |
|
| 245 | 1 | 0 |
_aVirgil and Spenser, _cby Merritt Y. Hughes. |
| 260 |
_aPort Washington, N.Y., _bKennikat Press _c[1969] |
||
| 300 |
_a266-418 p. _c23 cm. |
||
| 500 | _aFirst published in 1929 as v. 2, no. 3 of the University of California publications in English. | ||
| 504 | _aBibliography: p. 407-413. | ||
| 600 | 1 | 0 |
_aSpenser, Edmund, _d1552?-1599 _xKnowledge _xLiterature. _941904 |
| 600 | 0 | 0 |
_aVirgil _xInfluence. _941905 |
| 650 | 0 |
_aEnglish poetry _xRoman influences. _941906 |
|
| 906 |
_a7 _bcbc _corignew _du _encip _f19 _gy-gencatlg |
||
| 942 |
_2lcc _cMONOGRAPH |
||